MARC

LEADER 00000nam0a2200000 4500
001 373273
005 20260122170204.0
010 |a 5742400705 
035 |a (RuTPU)RU\TPU\retro\30701 
035 |a RU\TPU\book\269050 
090 |a 373273 
100 |a 20221215d1988 m y0rusy50 ca 
101 0 |a rus 
102 |a RU 
105 |a ac z 001zd 
200 1 |a Воспоминания, рассказы, статьи  |f Н. В. Басаргин  |g авт. предисл. И. В. Порох 
210 |a Иркутск  |c Восточно-Сибирское кн. изд-во  |d 1988 
215 |a 544 с.  |c ил. 
225 1 |a Полярная звезда 
225 1 |a Документы 
320 |a Библиогр.: с. 460-529. 
320 |a Указатель имен: с. 533-542. 
600 1 |a Басаргин  |b Н. В.  |c декабрист, поручик лейб-гвардии егерского полка  |f 1799-1861  |g Николай Васильевич  |2 stltpush  |3 (RuTPU)RU\TPU\pers\14662  |9 4879 
606 1 |a Декабристы  |2 stltpush  |3 (RuTPU)RU\TPU\subj\65333  |9 81899 
610 1 |a революционное движение 
610 1 |a Россия 
610 1 |a история 
610 1 |a воспоминания 
610 1 |a записки 
610 1 |a общественная мысль 
610 1 |a 19 век 
610 1 |a персоналии 
610 1 |a мемуары 
610 1 |a рассказы 
610 1 |a крестьяне 
686 |a Т3(2)521-425  |2 rubbk 
700 1 |a Басаргин  |b Н. В.  |g Николай Васильевич 
702 1 |a Порох  |b И. В.  |g Игорь Васильевич  |4 080 
801 1 |a RU  |b 63413507  |c 20140109 
801 2 |a RU  |b 63413507  |c 20221215  |g RCR 
942 |c BK